[Event "Suedschwaben-ch Seniors"]
[White "Lehmann, Joerg"]
[Black "Beck, Herbert"]
[Site "Immenstadt"]
[Round "5.2"]
[Result "1/2-1/2"]
[Date "2013.02.17"]
[WhiteElo "1633"]
[BlackElo "1609"]
[PlyCount "124"]
[EventDate "2013.02.15"]
[EventType "swiss"]
[EventRounds "6"]
[EventCountry "GER"]
[SourceTitle "EXT 2022"]
[Source "ChessBase"]
[SourceDate "2021.10.06"]
[SourceVersion "1"]
[SourceVersionDate "2021.10.06"]
[SourceQuality "1"]

1. e4 c5 2. Nf3 e6 3. d4 cxd4 4. Nxd4 Nc6 5. Nxc6 bxc6 6. Be3 Nf6 7. f3 Be7 8. Bc4 d5 9. exd5 exd5 10. Bd3 0-0 11. 0-0 c5 12. c4 d4 13. Bf2 Be6 14. Nd2 Nh5 15. g3 g6 16. Re1 Qc7 17. Bf1 Bf6 18. Ne4 Be7 19. g4 Ng7 20. Bg3 Qb6 21. b3 Rfe8 22. Bf4 f5 23. Ng5 Bf6 24. Rc1 fxg4 25. fxg4 Bd7 26. Bg2 Bc6 27. Nf3 Qb7 28. Qd3 Be4 29. Qf1 Rad8 30. g5 Nh5 31. Bd2 Bg7 32. Nh4 Bxg2 33. Rxe8+ Rxe8 34. Qxg2 Qxg2+ 35. Nxg2 Re2 36. Rd1 Be5 37. a3 Ng7 38. b4 cxb4 39. axb4 Ne6 40. h4 Kf7 41. c5 Ke7 42. Kf1 d3 43. Be1 Rb2 44. Rxd3 Rxg2 45. Re3 Bd4 46. Rxe6+ Kxe6 47. Kxg2 Kd5 48. Kf3 a6 49. Bd2 Be5 50. Ke2 Bg3 51. Be1 Be5 52. Kd3 Bf4 53. Kc3 Be5+ 54. Kb3 Bf4 55. Ka4 Bc7 56. Bf2 Kc6 57. Kb3 Kb5 58. Be1 Bf4 59. Kc3 Be5+ 60. Kd3 Kc6 61. Ke4 Bg7 62. Bd2 Bb2 1/2-1/2